प्रतापगड महाबळेश्र्वर परिसर दर्शन (Record no. 105773)

MARC details
000 -LEADER
fixed length control field 00749nam a2200181Ia 4500
008 - FIXED-LENGTH DATA ELEMENTS--GENERAL INFORMATION
fixed length control field 090124s9999 xx 000 0 und d
082 ## - DEWEY DECIMAL CLASSIFICATION NUMBER
Item number 40242
100 ## - MAIN ENTRY--PERSONAL NAME
Personal name घाणेकर प्र. के.
245 ## - TITLE STATEMENT
Title प्रतापगड महाबळेश्र्वर परिसर दर्शन
250 ## - EDITION STATEMENT
Edition statement 1
260 ## - PUBLICATION, DISTRIBUTION, ETC. (IMPRINT)
Name of publisher, distributor, etc स्नेहल प्रकाशन
Date of publication, distribution, etc 2003
300 ## - PHYSICAL DESCRIPTION
Extent 128
600 ## - SUBJECT ADDED ENTRY--PERSONAL NAME
Personal name घाणेकर प्र. के.
630 ## - SUBJECT ADDED ENTRY--UNIFORM TITLE
Uniform title प्रतापगड महाबळेश्र्वर परिसर दर्शन
700 ## - ADDED ENTRY--PERSONAL NAME
Personal name घाणेकर प्र. के.
730 ## - ADDED ENTRY--UNIFORM TITLE
Uniform title प्रतापगड महाबळेश्र्वर परिसर दर्शन
942 ## - ADDED ENTRY ELEMENTS (KOHA)
Koha item type Book
Holdings
Withdrawn status Lost status Damaged status Not for loan Home library Current library Date acquired Cost, normal purchase price Total Checkouts Full call number Barcode Date last seen Cost, replacement price Price effective from Koha item type
  Missing from bundle     Nagar Wachan Mandir, Thane Nagar Wachan Mandir, Thane   90.00   40242 THNNWM-40242 01/24/2009 90.00 01/24/2009 Book